[Event "CRO-chT (Women) 24th"]
[Site "Bol"]
[Date "2015.10.08"]
[Round "7.21"]
[White "Purgar, Ivona"]
[Black "Ivekovic, Ana"]
[Result "1-0"]
[WhiteElo "2139"]
[BlackElo "2097"]
[PlyCount "77"]
[EventDate "2015.10.03"]
[EventType "team-tourn"]
[EventRounds "9"]
[EventCountry "CRO"]
[SourceTitle "CBM 168 Extra"]
[Source "ChessBase"]
[SourceDate "2015.10.29"]
[SourceVersion "1"]
[SourceVersionDate "2015.10.29"]
[SourceQuality "1"]
[WhiteTeam "Zagreb Mladost (W)"]
[BlackTeam "Sisak (W)"]
[WhiteTeamCountry "CRO"]
[BlackTeamCountry "CRO"]

1. e4 d6 2. d4 Nf6 3. Nc3 g6 4. f4 Bg7 5. Nf3 Nc6 6. e5 dxe5 7. fxe5 Nh5 8. Be2 Bg4 9. Be3 0-0 10. 0-0 f6 11. exf6 exf6 12. d5 Ne7 13. Nd4 Bxe2 14. Qxe2 Re8 15. Qc4 Kh8 16. Ne6 Qc8 17. Nxg7 Nxg7 18. Rxf6 Nef5 19. Bd4 Nd6 20. Qd3 Qg4 21. Rf3 Ndf5 22. Bxg7+ Kxg7 23. Raf1 Re7 24. Rf4 Qg5 25. Ne4 Qh6 26. Qc3+ Kg8 27. Nf6+ Kf7 28. Ng4 Qg7 29. Qb3 Ke8 30. Qxb7 Rd8 31. Qc6+ Kf8 32. Qc5 Rd6 33. Ne3 Qxb2 34. Nxf5 gxf5 35. Rxf5+ Ke8 36. Rf8+ Kd7 37. Qc4 Qb6+ 38. Kh1 c6 39. Qg4+ 1-0

[Event "CRO-chT (Women) 24th"]
[Site "Bol"]
[Date "2015.10.06"]
[Round "5.31"]
[White "Purgar, Ivona"]
[Black "Raguz, Ivanka"]
[Result "1-0"]
[WhiteElo "2139"]
[BlackElo "1872"]
[PlyCount "65"]
[EventDate "2015.10.03"]
[EventType "team-tourn"]
[EventRounds "9"]
[EventCountry "CRO"]
[SourceTitle "CBM 168 Extra"]
[Source "ChessBase"]
[SourceDate "2015.10.29"]
[SourceVersion "1"]
[SourceVersionDate "2015.10.29"]
[SourceQuality "1"]
[WhiteTeam "Zagreb Mladost (W)"]
[BlackTeam "Djakovo Dama (W)"]
[WhiteTeamCountry "CRO"]
[BlackTeamCountry "CRO"]

1. e4 e5 2. Nf3 Nc6 3. Bb5 a6 4. Ba4 Nf6 5. 0-0 Be7 6. Re1 b5 7. Bb3 d6 8. c3 0-0 9. h3 Nb8 10. d4 Nbd7 11. Nbd2 Bb7 12. a4 c5 13. Bc2 Qc7 14. Nf1 Rfc8 15. d5 c4 16. Ne3 Bf8 17. Nf5 Nc5 18. Nh2 g6 19. Nh6+ Bxh6 20. Bxh6 bxa4 21. Qf3 Nh5 22. g4 Nf4 23. Bxf4 exf4 24. Qxf4 Qd7 25. Re3 Rf8 26. g5 Nd3 27. Bxd3 cxd3 28. Ng4 f5 29. gxf6 h5 30. f7+ Kg7 31. Qh6+ Kxf7 32. Rf3+ Ke7 33. Qg7+ 1-0

[Event "CRO-chT (Women) 24th"]
[Site "Bol"]
[Date "2015.10.04"]
[Round "3.41"]
[White "Purgar, Ivona"]
[Black "Repkova, Eva"]
[Result "0-1"]
[WhiteElo "2139"]
[BlackElo "2317"]
[PlyCount "70"]
[EventDate "2015.10.03"]
[EventType "team-tourn"]
[EventRounds "9"]
[EventCountry "CRO"]
[SourceTitle "CBM 168 Extra"]
[Source "ChessBase"]
[SourceDate "2015.10.29"]
[SourceVersion "1"]
[SourceVersionDate "2015.10.29"]
[SourceQuality "1"]
[WhiteTeam "Zagreb Mladost (W)"]
[BlackTeam "Busevec Polet (W)"]
[WhiteTeamCountry "CRO"]
[BlackTeamCountry "CRO"]

1. e4 e6 2. d4 d5 3. Bd3 c5 4. exd5 Qxd5 5. Nc3 Qxd4 6. Nf3 Qd8 7. Bf4 Nf6 8. 0-0 Nc6 9. Qe2 Bd6 10. Bg5 h6 11. Bh4 Be7 12. Rad1 Qb6 13. Bg3 a6 14. Qd2 0-0 15. Na4 Qa7 16. c4 Nb4 17. Bb1 b5 18. cxb5 axb5 19. Nc3 Qb6 20. Qe2 Ba6 21. a3 Nc6 22. Ne4 Nd5 23. Qc2 f5 24. Ned2 Bf6 25. Rfe1 Rfe8 26. Nf1 Rad8 27. Rd2 Bb7 28. Rc1 Nd4 29. Nxd4 cxd4 30. Bc7 Nxc7 31. Qxc7 Qa6 32. Re1 g6 33. Ba2 Rd6 34. Rde2 Bd5 35. Nd2 Rc8 0-1